000 00308nam a22001337a 4500
008 170524b xxu||||| |||| 00| 0 eng d
020 _a0813816106
041 _aeng
080 _a625.7/.8
100 _a26
101 _aIM
245 _aTHE STUDENT PILOT'S FLIGHTS MANUAL
_cKERSHNER, W.K
942 _2udc
_cBK
999 _c14078
_d14078